|
|
|
|
| LEADER |
00000nam a22000007a 4500 |
| 005 |
20110906132219.0 |
| 008 |
110906t2011 mx ||||s|||| 00| 0 spa d |
| 020 |
|
|
|a 978-607-16-0601-3
|
| 035 |
|
|
|a 5650
|
| 040 |
|
|
|a vLex
|
| 090 |
|
|
|c 2393
|d 2393
|
| 100 |
1 |
|
|a Galeana, Patricia
|
| 245 |
1 |
0 |
|a Mx̌ico y sus constituciones
|h [Recurso electrn̤ico] /
|c Patricia Galeana
|
| 256 |
|
|
|a Servicio en ln̕ea.
|
| 260 |
|
|
|a [Mx̌ico] :
|b Fondo de Cultura Econm̤ica,
|c 2011.
|
| 300 |
|
|
|a 1 recurso electrn̤ico
|
| 506 |
1 |
|
|a Contenido solo disponible en los productos indicados
|d vLex Global
|d vLex Global (Academic Edition, excluding Law Schools)
|d vLex Global (U.S. Academic Edition, Law Schools)
|d vLex Global (U.S. Academic Edition, excluding Law Schools)
|d vLex Global (Academic Edition, Law Schools)
|
| 650 |
0 |
4 |
|a Derecho constitucional
|z Mx̌ico
|
| 740 |
0 |
|
|a vLex Libros (Servicio en ln̕ea)
|
| 856 |
4 |
0 |
|u http://vlex.com/source/constituciones-mexico-5650
|z Acceso restringido
|
| 942 |
|
|
|c BOOK
|